000 00548nam a2200205Ia 4500
003 GCL
008 140319s9999 xx 000 0 eng d
040 _aGCL /
_cGCL
082 0 4 _aCH
_b843
_bB L
100 1 _aBURROWS, ROGER
245 1 0 _aTHE LITTLE TUGBOAT THAT SNEERED /
_cBURROWS, ROGER
700 1 _aHAWLEY, KELVIN
260 _a[S.N] :
_bMC CLANAHAN BOOK COMPANY ،
_c1990
650 0 4 _aENGLISH LITERATURE
650 0 4 _aLITERATURE
650 0 4 _aENGLISH FICTION
650 0 4 _aFICTION
650 0 4 _aCHILDREN - FICTION
942 _2ddc
_cBK
999 _c14656
_d14656